Statistics for There Is No Question. Guess.

Click here to take the quiz!

General Stats

  • This quiz has been taken 61 times
  • The average score is 3 of 10

Answer Stats

QuestionAnswer% Correct
Can you tell me chemically what water is?H2O
46%
Guess.Burundi
37%
Guess.I'm tired of guessing
37%
FINAL QUESTION: How many questions were in this quiz?10
33%
This quiz will end soon, I promise. Now, what is 1+1?2
21%
Which question does this quiz endIT DOESNT END
21%
What question says "Who killed Adolf Hitler?"Question 6942061021
21%
Guess.D
15%
Guess.Why do
15%
Guess.27,900
13%

Score Distribution

Percentile by Number Answered

Percent of People with Each Score

Your Score History

You have not taken this quiz